Encyclopaedia of international terrorism (Record no. 1435284)

MARC details
000 -LEADER
fixed length control field 00779nam a22002417a 4500
005 - DATE AND TIME OF LATEST TRANSACTION
control field 20250910105640.0
008 - FIXED-LENGTH DATA ELEMENTS--GENERAL INFORMATION
fixed length control field 250910b |||||||| |||| 00| 0 eng d
037 ## - SOURCE OF ACQUISITION
Terms of availability REF
040 ## - CATALOGING SOURCE
Original cataloging agency AL
Transcribing agency AL
041 ## - LANGUAGE CODE
Source of code Eng
Language code of text/sound track or separate title English
084 ## - COLON CLASSIFICATION NUMBER
Classification number Y:45.1 P2.1-.3(RR)
Assigning agency vol.1-.3
245 ## - TITLE STATEMENT
Title Encyclopaedia of international terrorism
260 ## - PUBLICATION, DISTRIBUTION, ETC.
Place of publication, distribution, etc. India, Delhi
Name of publisher, distributor, etc. Deep and Deep publisher
Date of publication, distribution, etc. 2002
300 ## - PHYSICAL DESCRIPTION
Extent 344 vol.1
300 ## - PHYSICAL DESCRIPTION
Extent 590 vol.2
300 ## - PHYSICAL DESCRIPTION
Extent 263 vol.3
365 ## - TRADE PRICE
Price amount 3500
Currency code INR
440 ## - SERIES STATEMENT/ADDED ENTRY--TITLE
Volume/sequential designation vol.1-.3
650 ## - SUBJECT ADDED ENTRY--TOPICAL TERM
Source of heading or term SOCIOLOGY
700 ## - ADDED ENTRY--PERSONAL NAME
Personal name by. Grover, Varinde
Relator term Editor.
9 (RLIN) 820874
942 ## - ADDED ENTRY ELEMENTS (KOHA)
Source of classification or shelving scheme Colon Classification (CC)
Koha item type Reference
Classification part Y:45.1 P2.1-.3(RR)
Suppress in OPAC No
Holdings
Withdrawn status Lost status Source of classification or shelving scheme Damaged status Not for loan Home library Current library Date acquired Source of acquisition Cost, normal purchase price Inventory number Total Checkouts Full call number Barcode Date last seen Price effective from Koha item type
    Colon Classification (CC)     Arts Library Arts Library 2025-09-10 Deep and Deep 3500.00 4520 & 2002-03-02   Y:45.1 P2.1(RR) AL1200641 2025-09-10 2025-09-10 Reference
    Colon Classification (CC)     Arts Library Arts Library 2025-09-10 Deep and Deep 3500.00 4520 & 2002-03-02   Y:45.1 P2.2(RR) AL1200642 2025-09-10 2025-09-10 Reference
    Colon Classification (CC)     Arts Library Arts Library 2025-09-10 Deep and Deep 3500.00 4520 & 2002-03-02   Y:45.1 P2.2(RR) AL1200643 2025-09-10 2025-09-10 Reference
Copyright @ Delhi University Library System